| 000 | 00000nam##2200000za#4500 |
| 001 | 9.644968 |
| 003 | CaOODSP |
| 005 | 20200401083338 |
| 007 | ta |
| 008 | 150407|1991||||xxc||||| f|0| 0 eng|d |
| 020 | |a0-662-18612-5 |
| 040 | |aCaOODSP|beng |
| 043 | |an-cn--- |
| 086 | 1 |aH68-29/1991E |
| 110 | 1 |aCanada.|bHealth and Welfare Canada. |bNational Council of Welfare. |
| 245 | 10|aFighting child poverty : |ba brief by the National Council of Welfare presented to the Sub- committee on Poverty of the House of Commons Standing Committee on Health and Welfare, Social Affairs, Seniors and the Status of Women |
| 260 | |aOttawa - Ontario : |bHealth and Welfare Canada. |c1991. |
| 300 | |a53p. : |bgraphs ; |c28 cm. |
| 563 | |aProcessed |
| 775 | 08|tComment combattre la pauvreté chez les enfants : |w(CaOODSP)9.678753 |
| 776 | 0#|tFighting child poverty : |w(CaOODSP)9.696550 |